Pokémon Pokopia - Statistiques

Statistiques générales
  • Ce quiz a été pris 4 fois
  • Le résultat moyen est 145 sur 300
Statistiques - réponses
Numéro Nom % Correct
215 Alakazam
100%
001 Bulbizarre
100%
008 Carabaffe
100%
007 Carapuce
100%
006 Dracaufeu
100%
222 Draco
100%
095 Ectoplasma
100%
093 Fantominus
100%
003 Florizarre
100%
002 Herbizarre
100%
079 Pikachu
100%
080 Raichu
100%
005 Reptincel
100%
004 Salamèche
100%
094 Spectrum
100%
009 Tortank
100%
213 Abra
67%
241 Altaria
67%
253 Amphinobi
67%
058 Apireine
67%
057 Apitrini
67%
281 Aquali
67%
089 Arcanin
67%
187 Archéduc
67%
294 Artikodin
67%
117 Axoloto
67%
067 Bétochef
67%
041 Bouldeneu
67%
122 Braségali
67%
185 Brindibou
67%
088 Caninos
67%
193 Charbi
67%
065 Charpenti
67%
252 Croaporal
67%
274 Dinoclier
67%
223 Dracolosse
67%
186 Efflèche
67%
295 Electhor
67%
105 Elekable
67%
103 Elekid
67%
104 Elektek
67%
169 Embrylex
67%
291 Entei
67%
280 Evoli
67%
227 Feuforêve
67%
208 Feunard
67%
225 Feurisson
67%
025 Flagadoss
67%
188 Flambino
67%
270 Forgelina
67%
269 Forgella
67%
268 Forgerette
67%
068 Funécire
67%
121 Galifeu
67%
233 Gardevoir
67%
287 Givrali
67%
207 Goupix
67%
160 Gravalanch
67%
251 Grenousse
67%
161 Grolem
67%
224 Héricendre
67%
297 Ho-oh
67%
048 Hoothoot
67%
042 Insécateur
67%
214 Kadabra
67%
035 Kicklee
67%
232 Kirlia
67%
289 Kyogre
67%
112 Lainergie
67%
189 Lapyro
67%
046 Léviator
67%
249 Lianaja
67%
106 Lokhlass
67%
298 Lugia
67%
070 Lugulabre
67%
156 Machoc
67%
157 Machopeur
67%
158 Mackogneur
67%
045 Magicarpe
67%
228 Magirêve
67%
027 Magnéti
67%
028 Magnéton
67%
029 Magnézone
67%
250 Majaspic
67%
264 Matourgeon
67%
284 Mentali
67%
047 Métamorph
67%
300 Mew
67%
299 Mewtwo
67%
132 Miamiasme
67%
265 Miascarade
67%
133 Miasmax
67%
110 Migalos
67%
109 Mimigal
67%
019 Mimitoss
67%
221 Minidraco
67%
195 Monthracite
67%
182 Motisma
67%
076 Muplodocus
67%
013 Mystherbe
67%
099 Noadkoko
67%
049 Noarfang
67%
285 Noctali
67%
098 Noeunoeuf
67%
082 Nosferalto
67%
081 Nosferapti
67%
083 Nostenfer
67%
288 Nymphali
67%
030 Onix
67%
014 Ortide
67%
066 Ouvrifier
67%
113 Pharamp
67%
286 Phyllali
67%
078 Pichu
67%
130 Pingoléon
67%
142 Pohm
67%
144 Pohmarmotte
67%
143 Pohmotte
67%
263 Poussacha
67%
120 Poussifeu
67%
129 Prinplouf
67%
271 Ptéra
67%
209 Ptitard
67%
190 Pyrobut
67%
283 Pyroli
67%
119 Queulorior
67%
159 Racaillou
67%
290 Raikou
67%
024 Ramoloss
67%
026 Roigada
67%
191 Rongourmand
67%
192 Rongrigou
67%
012 Roucarnage
67%
010 Roucool
67%
011 Roucoups
67%
040 Saquedeneu
67%
044 Scarabrute
67%
050 Scarhino
67%
031 Steelix
67%
292 Suicune
67%
296 Sulfura
67%
231 Tarsal
67%
211 Tartard
67%
118 Terraiste
67%
210 Tétarte
67%
128 Tiplouf
67%
073 Tranchodon
67%
036 Tygnon
67%
240 Tylton
67%
226 Typhlosion
67%
171 Tyranocif
67%
248 Vipélierre
67%
293 Volcanion
67%
282 Voltali
67%
194 Wagomine
67%
111 Wattouat
67%
170 Ymphect
67%
135 Zoroark
67%
134 Zorua
67%
146 Abo
33%
020 Aéromite
33%
087 Akwakwak
33%
278 Amagara
33%
147 Arbok
33%
054 Avaltout
33%
116 Azumarill
33%
114 Azurill
33%
275 Bastiodon
33%
061 Baudrive
33%
124 Békipan
33%
258 Bleuseille
33%
022 Boustiflor
33%
199 Briochien
33%
090 Canarticho
33%
201 Carmadura
33%
200 Charbambin
33%
273 Charkos
33%
021 Chétiflor
33%
043 Cizayok
33%
075 Colimucus
33%
259 Corvaillus
33%
071 Coupenotte
33%
177 Crikzik
33%
034 Debugnant
33%
254 Dedenne
33%
279 Dragmara
33%
097 Electrode
33%
023 Empiflor
33%
204 Floréclat
33%
267 Fulgulairo
33%
234 Gallame
33%
203 Germéclat
33%
053 Gloupti
33%
123 Goélise
33%
107 Goinfrex
33%
062 Grodrive
33%
206 Gromago
33%
092 Grotadmorv
33%
126 Hariyama
33%
072 Incisache
33%
037 Kapoera
33%
237 Kraknoix
33%
272 Kranidos
33%
102 Leuphorie
33%
101 Leveinard
33%
239 Libégon
33%
173 Lombre
33%
181 Lucario
33%
174 Ludicolo
33%
164 Maganon
33%
162 Magby
33%
163 Magmar
33%
125 Makuhita
33%
202 Malvalame
33%
115 Marill
33%
069 Mélancolux
33%
247 Métalosse
33%
246 Métang
33%
084 Miaouss
33%
216 Mime JR
33%
141 Mimiqui
33%
257 Minisange
33%
064 Minotaupe
33%
217 M. Mime
33%
205 Mordudor
33%
074 Mucuscule
33%
175 Mysdibule
33%
131 Nanméouie
33%
172 Nénupiot
33%
244 Noctunoir
33%
033 Ossatueur
33%
032 Osselait
33%
198 Patachiot
33%
085 Persian
33%
218 Porygon
33%
219 Porygon2
33%
220 Porygon-Z
33%
086 Psykokwak
33%
100 Ptiravi
33%
276 Ptyranidur
33%
015 Rafflesia
33%
277 Rexillius
33%
180 Riolu
33%
108 Ronflex
33%
063 Rototaupe
33%
059 Sancoki
33%
242 Skélénox
33%
038 Smogo
33%
039 Smogogo
33%
091 Tadmorv
33%
212 Tarpaud
33%
154 Taupiqueur
33%
243 Téraclope
33%
245 Terhal
33%
155 Triopikeur
33%
060 Tritosor
33%
238 Vibraninf
33%
096 Voltorbe
33%
266 Zapétrel
33%
127 Absol
0%
256 Bruyverne
0%
055 Cacnea
0%
056 Cacturne
0%
176 Chartor
0%
136 Chinchidou
0%
139 Chrysapile
0%
168 Corboss
0%
167 Cornèbre
0%
261 Dispareptil
0%
260 Fantyrm
0%
230 Farigiraf
0%
229 Girafarig
0%
153 Grodoudou
0%
016 Joliflor
0%
262 Lanssorien
0%
138 Larvibule
0%
140 Lucanon
0%
052 Lumivole
0%
165 Manzai
0%
148 Mélo
0%
150 Mélodelfe
0%
149 Mélofée
0%
178 Mélokrik
0%
051 Muciole
0%
236 Négapi
0%
145 Nigirigon
0%
077 Nigosier
0%
017 Paras
0%
018 Parasect
0%
137 Pashmilla
0%
179 Pijako
0%
235 Posipi
0%
184 Pyrax
0%
183 Pyronille
0%
152 Rondoudou
0%
197 Salarsen
0%
166 Simularbre
0%
255 Sonistrelle
0%
151 Toudoudou
0%
196 Toxizap
0%
Aucun quiz correspondant
Distribution des résultats
% des personnes avec chaque résultat
Percentile par nombre de réponses
Votre historique - résultats
Vous n’avez pas pris ce quiz